Number Puzzle - Sudden Death - Statistics

General Stats
  • This quiz has been taken 474 times
  • The average score is 28 of 48
Answers on the Grid
Answers color-coded by a green-red scale on the quiz's grid according to % correct below.
2
1
4
3
3
1
2
3
4
6
6
9
4
2
4
2
5
5
5
9
1
7
0
6
4
0
6
8
9
9
5
0
2
6
9
6
7
0
4
3
5
4
4
6
4
6
7
1
0
5
2
8
0
1
3
8
9
5
3
8
3
2
3
6
9
5
3
9
2
4
2
4
2
7
3
3
9
9
8
8
4
6
2
7
9
7
0
5
3
3
9
2
4
0
3
6
3
9
2
6
 
Answer Stats
Answer % Correct
9
86%
9
83%
9
81%
9
81%
9
81%
9
77%
9
77%
9
77%
9
76%
9
76%
9
75%
9
74%
0
73%
0
73%
0
73%
0
72%
9
72%
0
71%
0
70%
0
69%
6
69%
0
67%
1
63%
1
60%
7
53%
1
51%
2
48%
2
48%
4
48%
7
47%
4
46%
4
45%
4
45%
7
44%
8
44%
2
43%
2
43%
2
43%
2
42%
8
39%
3
36%
3
36%
3
35%
3
35%
3
34%
3
34%
8
33%
6
24%
No matching quizzes found
Score Distribution
Percent of People with Each Score
Percentile by Number Answered
Your Score History
You have not taken this quiz